Imposibilidad (Registro nro. 4277)

Detalles MARC
000 -LEADER
fixed length control field 01068 a2200229 4500
001 - CONTROL NUMBER
control field 47049
005 - DATE AND TIME OF LATEST TRANSACTION
control field 20260407155739.0
008 - FIXED-LENGTH DATA ELEMENTS--GENERAL INFORMATION
fixed length control field 260407a1999 arg spa d
003 - CONTROL NUMBER IDENTIFIER
control field AR-UNSa-BCEJYS
040 ## - CATALOGING SOURCE
Original cataloging agency AR-UNSa-BCEJYS
Language of cataloging spa
Transcribing agency AR-UNSa-BCEJYS
080 ## - UNIVERSAL DECIMAL CLASSIFICATION NUMBER
Universal Decimal Classification number 101.1
Common auxiliary subdivision Naturaleza de la filosofía. La filosofía como ciencia. La filosofía como arte (pensamiento filosófico)
020 ## - INTERNATIONAL STANDARD BOOK NUMBER
International Standard Book Number 84-7432-693-1
100 1# - MAIN ENTRY--PERSONAL NAME
Personal name Reta, Carlos de la
245 10 - TITLE STATEMENT
Title Imposibilidad
Name of part/section of a work Los límites de la ciencia y la ciencia de los límtes
264 #1 - PRODUCTION, PUBLICATION, DISTRIBUTION, MANUFACTURE, AND COPYRIGHT NOTICE
Place of production, publication, distribution, manufacture Barcelona :
Name of producer, publisher, distributor, manufacturer Gedisa
Date of production, publication, distribution, manufacture, or copyright notice 1999
300 ## - PHYSICAL DESCRIPTION
Extent 377 p.
Dimensions 23 cm.
505 ## - FORMATTED CONTENTS NOTE
Formatted contents note 1. El arte de lo imposible - 2. La esperanza de progreso - 3. Retorno al futuro - 4. La condición humana - 5. Límites tecnológicos - 6. Límites cosmológicos - 7. Límites profundos - 8. La imposibilidad y nosotros - 9. Imposibilidad : un inventario.
590 ## - LOCAL NOTE (RLIN)
Local note niveau_biblio:m niveau_hierar:0
700 1# - ADDED ENTRY--PERSONAL NAME
Personal name Barrow, John D.
856 41 - ELECTRONIC LOCATION AND ACCESS
Uniform Resource Identifier <a href="https://www.biblioeco.unsa.edu.ar/pmb/images/libros/L127381.jpg">https://www.biblioeco.unsa.edu.ar/pmb/images/libros/L127381.jpg</a>
Link text Imagen de portada
Electronic format type image/jpeg
942 ## - ADDED ENTRY ELEMENTS (KOHA)
Koha item type
Existencias
Withdrawn status Lost status Damaged status Not for loan Home library Current library Shelving location Date acquired Total checkouts Full call number Barcode Date last seen Price effective from Koha item type
        Biblioteca Prof. Eusebio Cleto del Rey Biblioteca Prof. Eusebio Cleto del Rey   07/04/2026   101.1 B277 L127381 07/04/2026 07/04/2026 Libro